| 000 | 00587nam a2200181 a 4500 | ||
|---|---|---|---|
| 005 | 20210223120408.0 | ||
| 008 | 991125s1993 fr 000 0 eng u | ||
| 035 | _aUPN01000000111 | ||
| 049 | _aCG | ||
| 050 | 4 |
_aLA562 _bF5.6 |
|
| 100 | 1 | _aFilp, Johanna | |
| 245 | 1 | 4 |
_aThe 900 schools programme : _bimproving the quality of primary schools in impoverished areas of Chile / _cJohanna Filp. |
| 260 |
_aParĂs : _bIIEP, _cc1993. |
||
| 300 | _a50 p. | ||
| 440 | 0 |
_aIncreasing and improving the quality of basic education ; _v9 |
|
| 650 | 4 |
_aEDUCACION PRIMARIA - _zCHILE _910669 |
|
| 905 | _aLibro | ||
| 999 |
_c111 _d111 |
||